| 000 -LEADER |
| fixed length control field |
00529cam a22001457a 4500 |
| 008 - FIXED-LENGTH DATA ELEMENTS--GENERAL INFORMATION |
| fixed length control field |
180718b1998 xxu||||| |||| 00| 0 eng d |
| 082 ## - DEWEY DECIMAL CLASSIFICATION NUMBER |
| Classification number |
A81x54 91/2/PT4A/C |
| 100 ## - MAIN ENTRY--PERSONAL NAME |
| Personal name |
Census of India 1991 |
| 245 ## - TITLE STATEMENT |
| Title |
Andhra Pradesh: socio-cultural tables |
| 260 ## - PUBLICATION, DISTRIBUTION, ETC. |
| Place of publication, distribution, etc. |
Delhi |
| Name of publisher, distributor, etc. |
The Controller of Publications |
| Date of publication, distribution, etc. |
1998 |
| 300 ## - PHYSICAL DESCRIPTION |
| Extent |
595p. |
| 440 ## - SERIES STATEMENT/ADDED ENTRY--TITLE |
| Title |
Census of India 1991. Series-2, Andhra Pradesh. Part-IVAC Series |
| 500 ## - GENERAL NOTE |
| General note |
Tables C-1, C-2, C-2(A), C-3(A), C-3(B), C-4, C-5 and C-6 |
| 650 ## - SUBJECT ADDED ENTRY--TOPICAL TERM |
| Topical term or geographic name entry element |
Census - Andhra Pradesh - Social aspects |